Normale Ansicht MARC-Ansicht ISBD

Studien zur soziaklökonomischen Entwicklung Sowjetrußlands 1921-1923 : (Titelsatznr. 9957)

[ MARC ]
MARC-Details
000 -Satzkennung
Kontrollfeld mit fester Länge 00536nam a22001691c 4500
001 - Kontrollnummer
Kontrollfeld a01188
008 - Feld mit fester Länge zur physischen Beschreibung - Allgemeine Angaben
Kontrollfeld mit fester Länge 051003s1974 gw |||| 000u ger d
041 ## - Sprachcode
Sprachcode des Textes/der Tonspur oder des separaten Titels ger
040 ## - Katalogisierungsquelle
Übertragungsstelle RU-10907106
003 - Kontrollnummer Identifier
Kontrollfeld RU-10907106
100 1# - Haupteintragung - Personenname
Personenname Meyer, Gert
245 00 - Titel
Titel Studien zur soziaklökonomischen Entwicklung Sowjetrußlands 1921-1923 :
Zusatz zum Titel Neue Beziehungen zwischen Stadt und Land zu Beginn der Neuen Ökonomischen Politik
264 ## - Produktion, Veröffentlichung, Distribution, Herstellung und Urheberrechtsvermerk
Herstellungs-, Veröffentlichungs- Vertriebs-, Erzeugungsort Köln :
Produzent, Herausgeber, Distributor, Hersteller Pahl-Rugenstein,
Datum der Herstellung, der Veröffentlichung, des Vertriebs oder des Urheberschutzvermerks 1974
300 ## - Physische Beschreibung
Umfang 757 S. Br.
490 #0 - Gesamttitelangabe
Gesamttitelangabe Sammlung Junge Wissenschaft
942 ## - Zusätzliche Felder (Koha)
Koha-Medientyp Monographien
Exemplare
Ausgeschieden Verloren Klassifikation oder Aufstellungssystematik Beschädigt Nicht entleihbar Heimatbibliothek Aufenthaltsbibliothek Aufstellungsort Erwerbungsdatum Inventarnummer Signatur Barcode Letzte Aktivität Preis gültig von Koha-Medientyp
    Andere/Generische Klassifikation     MWN Osteuropa MWN Osteuropa Magazin - 2 03/10/2005 05-02464 R 62 f Mey E0040150790852F7 22/02/2021 22/03/2021 Monographien